000 00760nam a2200217Ia 4500
001 33177
003 IN-NITTTR
005 20251114233436.0
008 251113s9999||||xx |||||||||||||| ||eng||
040 _beng
040 _cIN-NITTTR
041 _aeng
082 _aT58.5
100 _aSaeed, Faisal.
245 0 _aRecent Trends in Information and Communication Technology :
_b Proceedings of the 2nd International Conference of Reliable Information and Communication Technology (IRICT 2017) /
_cSaeed, Faisal., Gazem, Nadhmi., Patnaik, Srikanta., Saed Balaid, Ali Saleh., Mohammed, Fathey.
700 _a Gazem, Nadhmi.
700 _a Mohammed, Fathey.
700 _a Patnaik, Srikanta.
700 _a Saed Balaid, Ali Saleh.
942 _2ddc
_cBK
999 _c35649
_d35649